| 000 | 00550nam a2200181Ia 4500 | ||
|---|---|---|---|
| 003 | OSt | ||
| 005 | 20240423095210.0 | ||
| 008 | 210210b1966 xxu||||| |||| 00| 0 eng d | ||
| 040 | _cAL | ||
| 041 | _aKannada | ||
| 082 | _a856/243 | ||
| 100 |
_aRAMACHANDRA RAV (S) ರಾಮಚಂದ್ರರಾವ್ ಎಸ್ _984204 |
||
| 245 |
_aKalidasana kavyagalu _bಕಾಳಿದಾಸನ ಕಾವ್ಯಗಳು |
||
| 260 |
_aMaisuru _bMaisuru Vishvavidyanilaya _c1966 |
||
| 690 |
_aKannada Miscellaneous _984205 |
||
| 906 | _a020480 | ||
| 942 |
_2ddc _cBK |
||
| 999 |
_c144628 _d144628 |
||